LIBRARY & INFORMATION CENTRE, KCAET, TAVANUR

ONLINE PUBLIC ACCESS CATALOGUE (OPAC)

Elements of environmental engineering: Thermodynamics and Kinetics / (Record no. 13168)

MARC details
000 -LEADER
fixed length control field 00413cam a2200145ua 4500
041 ## - LANGUAGE CODE
Language code of text/sound track or separate title eng
082 ## - DEWEY DECIMAL CLASSIFICATION NUMBER
Classification number 628
Item number VAL/EL
100 ## - MAIN ENTRY--AUTHOR NAME
Personal name Valsaraj, Kalliath T .
245 ## - TITLE STATEMENT
Title Elements of environmental engineering: Thermodynamics and Kinetics /
260 ## - PUBLICATION, DISTRIBUTION, ETC. (IMPRINT)
Place of publication London :
Name of publisher Lewis Publishers ,
Year of publication 1995.
300 ## - PHYSICAL DESCRIPTION
Number of Pages 650 ; .
942 ## - ADDED ENTRY ELEMENTS (KOHA)
Koha item type Books
Holdings
Withdrawn status Lost status Damaged status Home library Current library Date acquired Full call number Accession Number Koha item type
      KAUAET KAUAET 07/04/2012 628 21393 Reference
free website counter